[Event "Landsturneringen 2018"]
[Site "Quality hotell Sarpsborg"]
[Date "2018.07.07"]
[Round "1"]
[White "Bjørnland, Svein"]
[Black "Krohg, Georg A"]
[Result "1-0"]
[WhiteElo "2093"]
[BlackElo "1934"]

1. d4 {[%clk 1:30:53]} Nf6 {[%clk 1:30:57]} 2. Bf4 {[%clk 1:31:09]} d5 {[%clk
1:31:12]} 3. e3 {[%clk 1:31:16]} c5 {[%clk 1:31:33]} 4. c3 {[%clk 1:29:51]} Nc6
{[%clk 1:31:56]} 5. Bd3 {[%clk 1:27:48]} Qb6 {[%clk 1:30:39]} 6. b3 {[%clk
1:22:38]} g6 {[%clk 1:22:14]} 7. h3 {[%clk 1:21:38]} Bg7 {[%clk 1:16:18]} 8. Nf3
{[%clk 1:05:14]} O-O {[%clk 1:07:32]} 9. a4 {[%clk 0:59:01]} cxd4 {[%clk
1:05:40]} 10. exd4 {[%clk 0:58:33]} Be6 {[%clk 0:45:52]} 11. O-O {[%clk 0:52:01]}
Rac8 {[%clk 0:44:08]} 12. Re1 {[%clk 0:41:03]} Na5 {[%clk 0:42:33]} 13. Nfd2
{[%clk 0:38:03]} a6 {[%clk 0:40:01]} 14. Ra2 {[%clk 0:25:16]} Nh5 {[%clk
0:39:51]} 15. Bh2 {[%clk 0:22:31]} Bh6 {[%clk 0:38:07]} 16. b4 {[%clk 0:21:26]}
Nc6 {[%clk 0:35:16]} 17. Qf3 {[%clk 0:20:46]} Qd8 {[%clk 0:30:33]} 18. Nb3 {[%clk
0:20:21]} Ra8 {[%clk 0:27:27]} 19. Nc5 {[%clk 0:14:57]} Bc8 {[%clk 0:27:14]} 20.
a5 {[%clk 0:14:16]} Ng7 {[%clk 0:24:55]} 21. Nd2 {[%clk 0:13:43]} Ra7 {[%clk
0:20:55]} 22. Na4 {[%clk 0:11:23]} Bf5 {[%clk 0:20:04]} 23. Nb6 {[%clk 0:10:40]}
Bxd3 {[%clk 0:19:08]} 24. Qxd3 {[%clk 0:10:45]} Ne8 {[%clk 0:16:34]} 25. Nf1
{[%clk 0:10:24]} e6 {[%clk 0:15:53]} 26. Ne3 {[%clk 0:10:31]} Nd6 {[%clk
0:15:54]} 27. Ng4 {[%clk 0:09:12]} Bg7 {[%clk 0:16:20]} 28. Bf4 {[%clk 0:09:11]}
Nf5 {[%clk 0:12:55]} 29. Rae2 {[%clk 0:07:39]} h5 {[%clk 0:11:36]} 30. Ne5 {[%clk
0:07:45]} Nxe5 {[%clk 0:10:55]} 31. dxe5 {[%clk 0:06:29]} Qc7 {[%clk 0:07:34]}
32. g4 {[%clk 0:04:43]} hxg4 {[%clk 0:07:36]} 33. hxg4 {[%clk 0:05:09]} Ne7
{[%clk 0:08:04]} 34. Qe3 {[%clk 0:03:43]} Nc6 {[%clk 0:08:06]} 35. Bh6 {[%clk
0:03:22]} Qe7 {[%clk 0:06:43]} 36. Bg5 {[%clk 0:02:32]} Qc7 {[%clk 0:07:01]} 37.
f4 {[%clk 0:02:33]} Re8 {[%clk 0:07:06]} 38. Rh2 {[%clk 0:02:34]} d4 {[%clk
0:05:35]} 39. Qh3 {[%clk 0:02:02]} Nxe5 {[%clk 0:05:10]} 40. fxe5 {[%clk
0:02:01]} Bxe5 {[%clk 0:05:33]} 41. Qh7+ {[%clk 0:00:40]} Kf8 {[%clk 0:03:10]}
42. Rxe5 {[%clk 0:29:27]}
1-0

[Event "Landsturneringen 2018"]
[Site "Quality hotell Sarpsborg"]
[Date "2018.07.07"]
[Round "1"]
[White "Johansen, Lars"]
[Black "Støre, Trond"]
[Result "0-1"]
[WhiteElo "1902"]
[BlackElo "2077"]

1. e4 {[%clk 1:30:50]} c5 {[%clk 1:30:55]} 2. Nf3 {[%clk 1:31:05]} d6 {[%clk
1:31:20]} 3. d4 {[%clk 1:31:15]} cxd4 {[%clk 1:31:45]} 4. Nxd4 {[%clk 1:31:35]}
Nf6 {[%clk 1:32:06]} 5. Nc3 {[%clk 1:32:00]} a6 {[%clk 1:32:29]} 6. Bg5 {[%clk
1:31:45]} e6 {[%clk 1:32:33]} 7. f4 {[%clk 1:32:10]} Qb6 {[%clk 1:32:45]} 8. Qd2
{[%clk 1:28:00]} Qxb2 {[%clk 1:30:08]} 9. Rd1 {[%clk 1:21:24]} Nbd7 {[%clk
1:23:02]} 10. Be2 {[%clk 1:10:19]} Qb6 {[%clk 1:17:30]} 11. f5 {[%clk 1:05:41]}
e5 {[%clk 1:07:41]} 12. Nb3 {[%clk 1:00:52]} Be7 {[%clk 1:06:39]} 13. Be3 {[%clk
1:00:09]} Qc7 {[%clk 1:06:48]} 14. O-O {[%clk 0:57:01]} O-O {[%clk 1:03:31]} 15.
g4 {[%clk 0:48:35]} b5 {[%clk 0:47:23]} 16. g5 {[%clk 0:42:45]} b4 {[%clk
0:37:52]} 17. Nd5 {[%clk 0:32:30]} Nxd5 {[%clk 0:38:05]} 18. exd5 {[%clk
0:29:16]} f6 {[%clk 0:30:44]} 19. gxf6 {[%clk 0:20:44]} Nxf6 {[%clk 0:29:44]} 20.
Qxb4 {[%clk 0:20:47]} a5 {[%clk 0:23:59]} 21. Qe1 {[%clk 0:18:18]} Qxc2 {[%clk
0:22:25]} 22. Nxa5 {[%clk 0:16:33]} Rxa5 {[%clk 0:21:19]} 23. Qxa5 {[%clk
0:15:04]} Qxe2 {[%clk 0:21:39]} 24. Bf2 {[%clk 0:11:47]} Bxf5 {[%clk 0:15:26]}
25. Rd2 {[%clk 0:11:12]} Qc4 {[%clk 0:12:18]} 26. Qa7 {[%clk 0:11:04]} Ne4 {[%clk
0:10:37]} 27. Rb2 {[%clk 0:10:38]} Bh3 {[%clk 0:08:56]} 28. Re1 {[%clk 0:09:06]}
Nxf2 {[%clk 0:08:39]} 29. Rxf2 {[%clk 0:09:30]} Qg4+ {[%clk 0:07:36]} 30. Kh1
{[%clk 0:09:47]} Rxf2 {[%clk 0:07:52]} 31. Qxf2 {[%clk 0:10:06]} Bh4 {[%clk
0:08:06]}
0-1

[Event "Landsturneringen 2018"]
[Site "Quality hotell Sarpsborg"]
[Date "2018.07.07"]
[Round "1"]
[White "Hansen, Svein Erik"]
[Black "Engevik, Bjarne J."]
[Result "1/2-1/2"]
[WhiteElo "2041"]
[BlackElo "1750"]

1. d4 {[%clk 1:30:56]} e6 {[%clk 1:30:18]} 2. c4 {[%clk 1:30:41]} f5 {[%clk
1:30:24]} 3. Nf3 {[%clk 1:30:18]} Nf6 {[%clk 1:30:38]} 4. Nc3 {[%clk 1:29:54]}
Be7 {[%clk 1:30:49]} 5. g3 {[%clk 1:29:13]} O-O {[%clk 1:30:32]} 6. Bg2 {[%clk
1:29:31]} d5 {[%clk 1:30:25]} 7. O-O {[%clk 1:29:28]} c6 {[%clk 1:29:55]} 8. Rb1
{[%clk 1:24:40]} Ne4 {[%clk 1:29:25]} 9. Ne5 {[%clk 1:20:38]} Nd7 {[%clk
1:28:59]} 10. Nxd7 {[%clk 1:17:59]} Bxd7 {[%clk 1:28:55]} 11. Nxe4 {[%clk
1:17:59]} fxe4 {[%clk 1:29:03]} 12. b4 {[%clk 1:17:14]} Be8 {[%clk 1:29:00]} 13.
e3 {[%clk 1:10:31]} Bg6 {[%clk 1:28:15]} 14. Qe2 {[%clk 1:07:53]} Rc8 {[%clk
1:27:28]} 15. Bd2 {[%clk 1:06:43]} Bf6 {[%clk 1:25:34]} 16. Bc3 {[%clk 1:03:19]}
Qe7 {[%clk 1:19:07]} 17. Bh3 {[%clk 1:02:17]} e5 {[%clk 1:16:04]} 18. Qb2 {[%clk
0:59:59]} exd4 {[%clk 1:15:49]} 19. Bxd4 {[%clk 1:00:18]} Rcd8 {[%clk 1:13:54]}
20. c5 {[%clk 0:55:56]} Bxd4 {[%clk 1:13:44]} 21. Qxd4 {[%clk 0:56:13]} Qf6
{[%clk 1:13:16]} 22. Qxf6 {[%clk 0:55:17]} Rxf6 {[%clk 1:13:17]} 23. Rbd1 {[%clk
0:53:58]} Bf5 {[%clk 1:11:42]} 24. Bg2 {[%clk 0:51:27]} Bg4 {[%clk 1:11:12]} 25.
Rd2 {[%clk 0:50:53]} Rdf8 {[%clk 1:10:51]} 26. Rb1 {[%clk 0:49:05]} a6 {[%clk
1:10:23]} 27. a4 {[%clk 0:48:53]} g5 {[%clk 1:05:37]} 28. h3 {[%clk 0:47:42]} Bc8
{[%clk 1:04:32]} 29. Rbb2 {[%clk 0:46:56]} h5 {[%clk 1:04:17]} 30. b5 {[%clk
0:46:49]} axb5 {[%clk 1:03:57]} 31. axb5 {[%clk 0:47:13]} g4 {[%clk 1:02:54]} 32.
h4 {[%clk 0:46:47]} Kg7 {[%clk 0:51:08]} 33. bxc6 {[%clk 0:40:38]} bxc6 {[%clk
0:50:58]} 34. Rb6 {[%clk 0:40:05]} R8f7 {[%clk 0:50:02]} 35. Bf1 {[%clk 0:27:44]}
Ra7 {[%clk 0:49:47]} 36. Rc2 {[%clk 0:23:29]} Ra1 {[%clk 0:48:50]} 37. Kg2 {[%clk
0:22:14]} Kf7 {[%clk 0:34:55]} 38. Rbb2 {[%clk 0:20:15]} Ba6 {[%clk 0:31:50]} 39.
Bxa6 {[%clk 0:19:54]} Rxa6 {[%clk 0:32:07]} 40. Ra2 {[%clk 0:20:07]} Rxa2 {[%clk
0:31:54]} 41. Rxa2 {[%clk 0:20:32]} Ke6 {[%clk 0:30:45]} 42. Ra8 {[%clk 0:16:12]}
Kd7 {[%clk 0:29:34]} 43. Rh8 {[%clk 0:11:02]} Rf5 {[%clk 0:29:28]} 44. Rh6 {[%clk
0:11:00]} Kc7 {[%clk 0:29:22]} 45. Rh7+ {[%clk 0:10:38]} Kc8 {[%clk 0:27:30]} 46.
Rg7 {[%clk 0:04:12]} Kd8 {[%clk 0:27:02]} 47. Rg6 {[%clk 0:02:25]} Kd7 {[%clk
0:26:59]} 48. Rd6+ {[%clk 0:23:27]} Kc7 {[%clk 0:51:16]} 49. Rh6 {[%clk 0:18:54]}
Kd7 {[%clk 0:51:19]} 50. Rd6+ {[%clk 0:19:00]} Kc7 {[%clk 0:51:38]} 51. Rh6
{[%clk 0:18:38]} Kd7 {[%clk 0:51:48]} 52. Rd6+ {[%clk 0:18:38]}
1/2-1/2

[Event "Landsturneringen 2018"]
[Site "Quality hotell Sarpsborg"]
[Date "2018.07.07"]
[Round "2"]
[White "Bjornes, Leif"]
[Black "Bjørnland, Svein"]
[Result "0-1"]
[WhiteElo "1939"]
[BlackElo "2093"]

1. d4 d5 2. c4 c6 3. Nf3 Nf6 4. Nc3 e6 5. Bg5 dxc4 6. e4 b5 7. e5 h6 8. Bh4 g5 9. Nxg5 hxg5 10. Bxg5 Nbd7 11. g3 Bb7 12. Bg2 Qb6 13. exf6 O-O-O 14. O-O c5 15. d5 b4 16. Na4 Qb5 17. dxe6 Bxg2 18. e7 Bxf1 19. exd8=Q+ Kxd8 20. Kxf1 Bh6 21. Bh4 Qc6 22. f3 Kc7 23. g4 Bf4 24. Bf2 Rxh2 25. Bg1 Rd2 26. Qc1 Qxf3+
0-1

[Event "Landsturneringen 2018"]
[Site "Quality hotell Sarpsborg"]
[Date "2018.07.07"]
[Round "2"]
[White "Støre, Trond"]
[Black "Andersen, Harry"]
[Result "1-0"]
[WhiteElo "2077"]
[BlackElo "1939"]

1. c4 e5 2. Nc3 Nf6 3. Nf3 Nc6 4. g3 d5 5. cxd5 Nxd5 6. Bg2 Be6 7. O-O Be7 8. d4 exd4 9. Nxd4 Nxd4 10. Bxd5 Nxe2+ 11. Qxe2 Bxd5 12. Qe5 Bf3 13. Qxg7 Bf6 14. Re1+ Kd7 15. Qxf7+ Kc8 16. Bg5 Rf8 17. Qe6+ Qd7 18. Bxf6
1-0

[Event "Landsturneringen 2018"]
[Site "Quality hotell Sarpsborg"]
[Date "2018.07.07"]
[Round "2"]
[White "Engevik, Bjarne J."]
[Black "Steinkellner, Rudolf"]
[Result "0-1"]
[WhiteElo "1750"]
[BlackElo "1686"]

1. e4 c6 2. d4 d5 3. exd5 cxd5 4. Nf3 Bf5 5. Bd3 Bg6 6. Ne5 Nc6 7. Bb5 Rc8 8. Nc3 e6 9. O-O Bd6 10. Bf4 Nf6 11. Bg3 O-O 12. Nxg6 hxg6 13. Re1 Bxg3 14. hxg3 Qb6 15. Bxc6 Qxc6 16. Rc1 Qd7 17. Qd3 a6 18. a3 Rc7 19. Ne2 Rfc8 20. c3 Qa4 21. Nf4 Qc4 22. Qb1 Qa4 23. Nd3 Ne4 24. Re2 Qb5 25. Rce1 Nd6 26. Ne5 Nc4 27. Nxg6 fxg6 28. Qxg6 Qe8 29. Qg4 Rc6 30. f4 Qf7 31. Rxe6 Rxe6 32. Rxe6 Re8 33. f5 Rxe6 34. fxe6 Qf6 35. Qe2 Kf8 36. b3 Nxa3 37. Qb2 Nb5 38. Kh2 Qxe6 39. c4 Qh6+ 40. Kg1 Qe3+ 41. Kh2 Qh6+ 42. Kg1 Qe3+ 43. Kh2 Qxd4 44. Qc2 dxc4 45. Qf5+ Ke7 46. bxc4 Qxc4 47. Qe5+ Kf7 48. Qh5+ Kf8 49. Qf3+ Qf7 50. Qd3 Qf6 51. Qd7 Qe7 52. Qc8+ Kf7 53. Qf5+ Kg8 54. Qc8+ Kh7 55. Qh3+ Kg8 56. Qc8+ Kh7 57. Qh3+ Kg6 58. g4 Qe5+ 59. Kh1 Qe1+ 60. Kh2 Qe5+ 61. Kh1 Nd6 62. Qd3+ Ne4 63. g3 Kg5 64. Qe3+ Kxg4 65. Qe2+ Kg5 66. Qe3+ Kf6 67. Qb6+ Nd6 68. g4 Kg5 69. Qf2 Kxg4 70. Qg2+ Kf5 71. Qh3+ Kf6 72. Qh4+ g5 73. Qh8+ Kf5 74. Qh3+ Ke4 75. Qg2+ Kd4 76. Qb2+ Kd5 77. Qb3+ Kc6 78. Qg3 Qe4+ 79. Kh2 Qf4 80. Kh1 Qh4+
0-1

[Event "Landsturneringen 2018"]
[Site "Quality hotell Sarpsborg"]
[Date "2018.07.07"]
[Round "3"]
[White "Bjørnland, Svein"]
[Black "Gyldenås, Ole Jørn"]
[Result "1/2-1/2"]
[WhiteElo "2093"]
[BlackElo "1956"]

1. d4 Nf6 2. Bf4 e6 3. e3 d5 4. Nd2 Be7 5. Bd3 O-O 6. c3 b6 7. Ngf3 Bb7 8. Ne5 Nbd7 9. Qb1 h6 10. h3 c5 11. O-O Rc8 12. b4 cxd4 13. cxd4 Nxe5 14. dxe5 Nd7 15. Nf3 Rc3 16. Nd4 a6 17. Ne2 Rc7 18. Qb2 Qa8 19. Nd4 Rfc8 20. a3 Rc3 21. Qe2 Qb8 22. Bxa6 Bxa6 23. Qxa6 R8c4 24. Rfb1 Bd8 25. Nb5 Rc2 26. Nd6 Rc6 27. Qb7 Bc7 28. Qxb8+ Bxb8 29. b5 R6c3 30. Bg3 Nc5 31. Rb4 Kf8 32. a4 Rc1+ 33. Rxc1 Rxc1+ 34. Kh2 Ra1 35. Nc8 Bc7 36. Na7 Rxa4 37. Rxa4 Nxa4 38. Nc6 Nc3 39. Nd4 Ke7 40. f4 Kd7 41. Be1 Nd1 42. Bd2 h5 43. g4 hxg4 44. hxg4 Nf2 45. g5 g6 46. Kg2 Ne4 47. Bb4 Bd8 48. Nc6 Bc7 49. Nd4 Nc5 50. Kf2
1/2-1/2

[Event "Landsturneringen 2018"]
[Site "Quality hotell Sarpsborg"]
[Date "2018.07.07"]
[Round "6"]
[White "Støre, Trond"]
[Black "Hansen, Svein Erik"]
[Result "1/2-1/2"]
[WhiteElo "2077"]
[BlackElo "2041"]

1. Nf3 Nf6 2. c4 c5 3. g3 Nc6 4. Bg2 g6 5. O-O Bg7 6. Nc3 O-O 7. d4 cxd4 8. Nxd4 Nxd4 9. Qxd4 d6 10. Qh4 a6 11. Bh6 Qc7 12. Rfc1 Be6 13. Nd5 Bxd5 14. Bxd5 Bxh6 15. Qxh6 Nxd5 16. cxd5 Qb6 17. b3 Rac8 18. Qh4 Rc7 19. Rc4 Rfc8 20. Rac1 Rxc4 21. Rxc4 Rxc4 22. Qxc4 Qc5 23. Qa4 Qxd5 24. Qe8+ Kg7 25. Qxe7 b5 26. Qe3 Qd1+ 27. Kg2 Qd5+ 28. f3 Qe5 29. Qd3 d5 30. a4 d4 31. axb5 axb5 32. f4 Qc5 33. Kf3 f5 34. e3 dxe3 35. Qxe3 Qd5+ 36. Ke2 Kf6 37. Qc3+ Ke6 38. Qc8+ Kd6 39. Qd8+ Kc6 40. Qe8+ Kb6 41. Qe3+ Kc6 42. Qe8+
1/2-1/2

[Event "Landsturneringen 2018"]
[Site "Quality hotell Sarpsborg"]
[Date "2018.07.07"]
[Round "6"]
[White "Andersen, Harry"]
[Black "Gyldenås, Ole Jørn"]
[Result "1-0"]
[WhiteElo "1939"]
[BlackElo "1956"]

1. e4 e6 2. d4 d5 3. exd5 Qxd5 4. Nf3 Nf6 5. Nbd2 Be7 6. Bc4 Qd6 7. O-O O-O 8. Bd3 Nc6 9. c3 b6 10. Re1 Bb7 11. Nc4 Qd8 12. Qc2 h6 13. Nfe5 Qd5 14. Ne3 Qd6 15. f4 Rac8 16. a4 a5 17. Bc4 Nb8 18. f5 c5 19. fxe6 Be4 20. exf7+ Kh8 21. Ng6+ Bxg6 22. Qxg6 Nh7 23. Be6 Qc6 24. d5 Qc7 25. Nf5 Bf6 26. Bxc8 Qxc8 27. Re8 Qc7 28. Bxh6 gxh6 29. Rxf8+ Nxf8 30. Qg8#
1-0

[Event "Landsturneringen 2018"]
[Site "Quality hotell Sarpsborg"]
[Date "2018.07.07"]
[Round "6"]
[White "Boger, Raymond"]
[Black "Bjornes, Leif"]
[Result "1-0"]
[WhiteElo "1948"]
[BlackElo "1939"]

1. c4 c6 2. g3 d5 3. Bg2 Nf6 4. Nf3 g6 5. b3 Bg7 6. Bb2 O-O 7. O-O Nbd7 8. d4 b6 9. Ne5 Nxe5 10. dxe5 Ne4 11. f3 Nc5 12. b4 Na6 13. b5 cxb5 14. cxd5 Nc5 15. f4 b4 16. a3 bxa3 17. Rxa3 Bb7 18. Nc3 Qd7 19. Ne4 Nxe4 20. Bxe4 e6 21. Rd3 Qb5 22. Ba3 Rfc8 23. Bf3 exd5 24. Bxd5 Bxd5 25. Rxd5 Qe8 26. Qd2 Rd8 27. e4 Bf8 28. Bxf8 Qxf8 29. Rd1 Rdc8 30. f5 Rc4 31. Qg5 Rcc8 32. e6 f6 33. Qg4 Qh6 34. Qf4 Qxf4 35. gxf4 Rc7 36. Rd8+ Rxd8 37. Rxd8+ Kg7 38. Rd7+
1-0

[Event "Landsturneringen 2018"]
[Site "Quality hotell Sarpsborg"]
[Date "2018.07.07"]
[Round "7"]
[White "Bjørnland, Svein"]
[Black "Andersen, Harry"]
[Result "1-0"]
[WhiteElo "2093"]
[BlackElo "1939"]

1. d4 Nf6 2. Bf4 g6 3. Nc3 d5 4. e3 Bg7 5. h4 h5 6. Nb5 Na6 7. Nf3 c6 8. Nc3 Nc7 9. Bd3 Bg4 10. Qd2 Bxf3 11. gxf3 Qd7 12. Ne2 Ne6 13. Be5 c5 14. c3 c4 15. Bc2 Qc6 16. Ng3 Nd7 17. Bxg7 Nxg7 18. e4 e5 19. dxe5 Nxe5 20. exd5 Qd6 21. O-O-O O-O-O 22. Qd4 Kb8 23. Ne4 Qc7 24. f4 Nd3+ 25. Bxd3 Qxf4+ 26. Kb1 cxd3 27. Qxd3 Rhe8 28. Rhe1 f5 29. Ng5 Rxe1 30. Rxe1 Qxf2 31. Rd1 Qxh4 32. Nf7 Rf8 33. Ne5 Qe4 34. Nd7+ Kc7 35. Qxe4 fxe4 36. Nxf8 e3 37. d6+
1-0

[Event "Landsturneringen 2018"]
[Site "Quality hotell Sarpsborg"]
[Date "2018.07.07"]
[Round "7"]
[White "Boger, Raymond"]
[Black "Støre, Trond"]
[Result "1-0"]
[WhiteElo "1948"]
[BlackElo "2077"]

1. c4 c6 2. g3 g6 3. Bg2 d5 4. Nf3 Bg7 5. d4 Nf6 6. O-O O-O 7. Nc3 dxc4 8. a4 a5 9. e4 Nfd7 10. Bf4 Qb6 11. Qe2 Qa6 12. Rfd1 e6 13. Bd6 Re8 14. e5 b5 15. Ng5 b4 16. Qf3 f6 17. exf6 Nxf6 18. Nce4 Nbd7 19. Bh3 h6 20. Bxe6+ Rxe6 21. Nxe6 Nxe4 22. Nc7 Ng5 23. Qe3 Qb7 24. Nxa8 Qxa8 25. h4 Nf7 26. Qe8+ Nf8 27. Bxf8 Bxf8 28. Re1 Qb7 29. Rac1 Bf5 30. Rxc4 Nd6 31. Qxc6 Qf7 32. Rc5 Bc8 33. Qd5 Bd7 34. Qxf7+ Kxf7 35. Rxa5 Bf5 36. Ra7+ Kf6 37. Ra6 Kf7 38. Rc1 Be7 39. Rc7 Ne8 40. Rb7 Bc8 41. Rxe7+ Kxe7 42. Rxg6 h5 43. Rb6 Nc7 44. Rxb4 Nd5 45. Rb8 Ba6 46. b4 Bd3 47. a5 Nc3 48. f4 Ke6 49. a6
1-0

[Event "Landsturneringen 2018"]
[Site "Quality hotell Sarpsborg"]
[Date "2018.07.07"]
[Round "7"]
[White "Hansen, Svein Erik"]
[Black "Johansen, Lars"]
[Result "0-1"]
[WhiteElo "2041"]
[BlackElo "1902"]

1. d4 Nf6 2. c4 e6 3. Nf3 d5 4. Nc3 c6 5. e3 Nbd7 6. Bd3 dxc4 7. Bxc4 b5 8. Bd3 Bb7 9. O-O a6 10. a4 b4 11. Ne4 c5 12. Nxf6+ Nxf6 13. Qe2 cxd4 14. Rd1 Bd6 15. Nxd4 O-O 16. h3 Qb6 17. Bd2 a5 18. Rac1 Rac8 19. Bc4 Bb8 20. Be1 Rfd8 21. Nb5 Rxd1 22. Rxd1 Qc6 23. f3 h6 24. b3 Qc5 25. Qd3 Qe5 26. f4 Qc5 27. Qd4 Qc6 28. Rd2 Ne4 29. Rc2 Qe8 30. Qd1 Rd8 31. Qe2 e5 32. f5 Qd7 33. g4 Ng5 34. Bg3 Nxh3+ 35. Kh2 Ng5 36. Bh4 Nf3+ 37. Kg3 e4+
0-1

[Event "Landsturneringen 2018"]
[Site "Quality hotell Sarpsborg"]
[Date "2018.07.07"]
[Round "8"]
[White "Hansen, Svein Erik"]
[Black "Bjørnland, Svein"]
[Result "1/2-1/2"]
[WhiteElo "2041"]
[BlackElo "2093"]

1. e4 c6 2. d4 d5 3. Nc3 dxe4 4. Nxe4 Bf5 5. Ng3 Bg6 6. h4 h6 7. Nf3 Nd7 8. Bd3 Bxd3 9. Qxd3 Qc7 10. Qb3 e6 11. Bd2 Ngf6 12. O-O-O O-O-O 13. Kb1 Ng4 14. Be1 Qb6 15. Qa4 Nc5 16. Qc4 Qb5 17. Qxb5 cxb5 18. Rc1 Nd7 19. c3 Kb8 20. Nh2 Nxh2 21. Rxh2 Nf6 22. Rh3 Bd6 23. f3 Nd5 24. Ne2 Nf4 25. Nxf4 Bxf4 26. Bg3 Bxg3 27. Rxg3 g6 28. Re1 Rd5 29. Rg4 Rhd8 30. Rge4 a6 31. g4 Kc7 32. a3 Kb6 33. Kc2 R8d7 34. Kd3 Ka5 35. b3 Kb6 36. R1e2 Rd8 37. Re5 R5d7 38. f4 Rc8 39. h5 Rdc7 40. Rc2 Rg8 41. hxg6 Rxg6 42. Rg2 f5 43. g5 hxg5 44. Rxg5 Rh6 45. Rg3 Rc6 46. c4 bxc4+ 47. bxc4 Rh1 48. d5 exd5 49. cxd5 Rd6 50. Kc2 Rh2+ 51. Kb3 Rd2 52. Kc4 Rc2+ 53. Kb3 Rd2 54. Kc4 Rc2+ 55. Kb3
1/2-1/2

[Event "Landsturneringen 2018"]
[Site "Quality hotell Sarpsborg"]
[Date "2018.07.07"]
[Round "8"]
[White "Støre, Trond"]
[Black "Wiig, Ole Martin"]
[Result "1-0"]
[WhiteElo "2077"]
[BlackElo "1746"]

1. e4 c5 2. Nf3 Nc6 3. d4 cxd4 4. Nxd4 e5 5. Nb5 d6 6. N1c3 a6 7. Na3 b5 8. Nd5 Nf6 9. Bg5 Be7 10. Bxf6 Bxf6 11. c3 O-O 12. Nc2 Bg5 13. Be2 Ne7 14. Nxe7+ Qxe7 15. a4 Bb7 16. Bd3 bxa4 17. Rxa4 a5 18. O-O Bc6 19. Ra2 Qb7 20. Qg4 Bh6 21. Rfa1 g6 22. Na3 Bg7 23. Nc4 Qe7 24. Nxa5 Bd7 25. Qe2 f5 26. Bc4+ Kh8 27. Bd5 Rac8 28. Nc4 Bb5 29. b3 fxe4 30. Qxe4 Rf4 31. Qe3 Rcf8 32. Ra8 Qf6 33. Rxf8+ Bxf8 34. Ra7 Be7 35. Qb6 Be8 36. Ra8 Qf8 37. Bc6
1-0

[Event "Landsturneringen 2018"]
[Site "Quality hotell Sarpsborg"]
[Date "2018.07.07"]
[Round "8"]
[White "Johansen, Lars"]
[Black "Andersen, Harry"]
[Result "1-0"]
[WhiteElo "1902"]
[BlackElo "1939"]

1. e4 e5 2. Nf3 Nc6 3. d4 exd4 4. Nxd4 Bc5 5. Nxc6 Qf6 6. Qf3 dxc6 7. Nc3 Be6 8. Bd3 O-O-O 9. Qg3 Bd6 10. f4 Qg6 11. Qf2 Bb4 12. f5 Qf6 13. Bd2 Bd5 14. O-O-O Nh6 15. exd5 cxd5 16. h3 Qc6 17. Nb5 Bxd2+ 18. Rxd2 Qf6 19. Qxa7 Qc6 20. Nd4 Kd7
1-0

[Event "Landsturneringen 2018"]
[Site "Quality hotell Sarpsborg"]
[Date "2018.07.07"]
[Round "9"]
[White "Bjørnland, Svein"]
[Black "Johansen, Lars"]
[Result "1-0"]
[WhiteElo "2093"]
[BlackElo "1902"]
1. f4 e5 2. fxe5 d6 3. exd6 Bxd6 4. Nf3 Nc6 5. d4 Bg4 6. Qd3 Bxf3 7. exf3 Qh4+ 8. Kd1 Nxd4 9. Be3 Nc6 10. Qe4+ Qxe4 11. fxe4 O-O-O 12. Nd2 Nf6 13. c3 Ng4 14. Ke2 f5 15. g3 fxe4 16. Bh3 Ne5 17. Nxe4 Kb8 18. Nxd6 Nxe3 19. Nxb7 Kxb7 20. Kxe3 Nc4+ 21. Kf4 Rhf8+ 22. Kg5 Ne3 23. Rae1 Rd5+ 24. Kh4 g5+ 25. Kh5 g4+ 26. Kh4 gxh3 27. Rxe3 Rf2 28. Re7 Rxb2 29. Rxh7 Rxa2 30. Kxh3 a5 31. g4 a4 32. Kh4 a3 33. Rh5 Rdd2 34. h3 Rab2 35. Ra5 a2 36. g5 Re2 37. Kh5 Kb6 38. Ra8 Re3 39. Rb8+ Ka7 40. Rxb2 Rxh3+ 41. Kg4 Rxh1 42. Rxa2+ Kb6 43. Rg2 Kc5 44. g6 Rh8 45. Kg5 Kd6 46. g7 Rg8 47. Kf6 c5 48. Kf7 1-0

[Event "Landsturneringen 2018"]
[Site "Quality hotell Sarpsborg"]
[Date "2018.07.07"]
[Round "9"]
[White "Krohg, Georg A"]
[Black "Støre, Trond"]
[Result "1-0"]
[WhiteElo "1934"]
[BlackElo "2077"]
1. d4 Nf6 2. Nf3 g6 3. c4 Bg7 4. g3 c6 5. Bg2 d5 6. cxd5 cxd5 7. Nc3 Ne4 8. Ne5 Nxc3 9. bxc3 O-O 10. Qb3 e6 11. O-O Nc6 12. Nxc6 bxc6 13. Qa4 Qb6 14. Ba3 Rd8 15. Rfb1 Qa6 16. Qxa6 Bxa6 17. Bf1 Bf8 18. Bxf8 Kxf8 19. Rb2 c5 20. e3 Bxf1 21. Kxf1 cxd4 22. cxd4 Rd7 23. Rab1 Rc8 24. Ke2 Kg7 25. Kf3 Rcc7 26. h4 h5 27. Kf4 Kf6 28. f3 Rc3 29. Rb3 Rdc7 30. Rxc3 Rxc3 31. Rb3 Rxb3 32. axb3 a5 33. g4 hxg4 34. fxg4 g5+ 35. Kg3 gxh4+ 36. Kxh4 e5 37. Kh5 exd4 38. exd4 Ke7 39. Kh6 Kf6 40. Kh5 Ke7 41. g5 Kf8 42. Kg4 Kg8 43. Kf4 Kh7 44. Ke5 Kg6 45. Kxd5 Kxg5 46. Kc6 1-0

[Event "Landsturneringen 2018"]
[Site "Quality hotell Sarpsborg"]
[Date "2018.07.07"]
[Round "9"]
[White "Andersen, Harry"]
[Black "Hansen, Svein Erik"]
[Result "0-1"]
[WhiteElo "1939"]
[BlackElo "2041"]
1. e4 e6 2. d4 d5 3. exd5 exd5 4. Nf3 Nf6 5. Bd3 Bd6 6. O-O O-O 7. Re1 Bg4 8. Nbd2 Nc6 9. c3 Re8 10. Rxe8+ Qxe8 11. h3 Bh5 12. Nf1 Ne4 13. Be2 Ne7 14. Ng5 Bxe2 15. Qxe2 Nxg5 16. Bxg5 f6 17. Bd2 Ng6 18. Re1 Qxe2 19. Rxe2 Kf7 20. g3 c6 21. f4 Re8 22. Kf2 Ne7 23. g4 Bc7 24. Kf3 Nc8 25. Rxe8 Kxe8 26. Ng3 g6 27. h4 Kf7 28. b3 Nd6 29. f5 Nb5 30. a4 Bxg3 31. Kxg3 Nd6 32. Kf3 gxf5 33. gxf5 Nxf5 34. Be1 Kg6 35. Kf4 Ng7 36. a5 Ne6+ 37. Kf3 Kf5 38. Bg3 a6 39. b4 Ng7 40. Bh2 Kg6 41. Kf4 h5 42. Bg3 Ne6+ 43. Kf3 Kf5 44. Bd6 Ng7 45. Bg3 Ke6 46. Ke3 Nf5+ 47. Kf4 Ne7 48. Kf3 Ng6 49. Bf2 f5 50. Bg3 f4 51. Bf2 Kf5 52. Be1 Nf8 53. Bd2 Ng6 54. Be1 Ke6 55. Bf2 Kd7 56. Be1 c5 57. dxc5 Kc6 58. c4 dxc4 59. Ke4 Kb5 60. Kd4 f3 61. Ke3 c3 62. Kd3 Kxb4 63. Bxc3+ Kxc5 64. Be1 Kd5 65. Ke3 Ne5 66. Bc3 Ke6 67. Bb4 Kf5 68. Bc3 Ng6 69. Be1 Kg4 70. Kd4 Nxh4 71. Kc5 Ng2 72. Bf2 h4 73. Kb6 h3 74. Bg1 h2 75. Bxh2 f2 76. Kxb7 0-1